|
|
|
|
| LEADER |
00980nam a2200241 a 4500 |
| 001 |
GR-Patra15027 |
| 008 |
021118s1995 xxk e 000 0 eng d |
| 020 |
|
|
|a 075062213X
|
| 040 |
|
|
|a GrPaTEI
|b gre
|c GR-PaULI
|
| 040 |
|
|
|a GrPaTEI
|b gre
|c GR-PaULI
|
| 082 |
|
0 |
|a 658.802
|2 21
|
| 100 |
1 |
|
|a McDonald, Malcolm H.
|
| 245 |
1 |
0 |
|a Marketing plans :
|b How to prepare them, how to use them /
|c Malcolm H. B. McDonald.
|
| 250 |
|
|
|a 3rd ed.
|
| 260 |
|
|
|a Oxford :
|b Butterworth-Heinemann,
|c c1995
|
| 300 |
|
|
|a xiii, 485σ.
|
| 500 |
|
|
|a Published on behalf of the Chartered Institute of Marketing and the CAM Foundation
|
| 500 |
|
|
|a Περιλαμβάνει ευρετήριο.
|
| 650 |
|
0 |
|a Marketing
|
| 942 |
|
|
|2 ddc
|
| 952 |
|
|
|0 0
|1 0
|2 ddc
|4 0
|6 658_802000000000000_MCD
|7 0
|9 293859
|a LISK
|b LISK
|c BSC
|d 2021-01-17
|e 24
|f 1
|g 0.00
|l 0
|o 658.802 MCD
|p 92410015294
|q 2011-10-25
|r 2021-01-17 00:00:00
|t 1
|w 2021-01-17
|y BK15
|x 20021118 0 1
|x GrPaTEI
|
| 971 |
|
|
|a .b26625428
|b 15-04-20
|c 23-09-16
|
| 999 |
|
|
|c 171768
|d 171768
|